000 00557nam a22002177a 4500
003 UA-OsUOA
001 126337
007 ta
008 20171017b un ||||| |||| 00| 0 ukr d
100 _aЗубрицький М.
090 _a82
_bЗ-91
942 _cSA
040 _aUA-OsUOA
_bukr
_cUA-OsUOA
_dUA-OsUOA
245 _aІван Франко і Ксаверій Ліске
300 _aС.209-213
955 _a0
041 _aukr
080 _a82
773 0 _w126332
650 7 _a82 Література. Літературознавство
_2UDC
999 _c414726
_d414726